000 00580nam a22001817a 4500
999 _c172340
_d172340
005 20200203120109.0
010 _aB-208818
020 _c300.00
035 _aB-208818
037 _bBPPD/Pub.
082 _a841.08
245 _aامیر خسرو /
_cمرتب - شیخ سلیم احمد
246 _aAmeer Khusru (Urdu) /
_bedited by Sheikh Saleem Ahmed
260 _aDelhi
_bEducational Publishing House
_c2006 ء
270 _a3108, Vakil Street, Kucha Pandit, Lal Kuan
_bDelhi
_e110006
300 _a439p.
_c22cm(Hb)
942 _2ddc
_cUR
_h841.08
_mا م ی